000 00309nam a2200145Ia 4500
100 _aMarcovitz/Alan B
942 _cBK
654 _alogic design
245 _aIntroduction to Logic Design
260 _bMcGraw - Hill
_c2002
082 _a621.395
_bMAR
300 _a572
546 _aENGLISH
999 _c34872
_d34872